| 000 | 01858nam a22002417a 4500 | ||
|---|---|---|---|
| 001 | 5532 | ||
| 003 | FISKH | ||
| 005 | 20250523112046.0 | ||
| 008 | 241217b cb ||||| |||| 00| 0 eng d | ||
| 020 | _a0782262047122 | ||
| 040 |
_aFISKH _bFre _cFISKH _dFISKH |
||
| 050 | _aGV942.D54 | ||
| 082 | _a796.33409 | ||
| 100 | _aDietschy, Paul | ||
| 245 |
_aHistoire du football / _cPaul Dietschy |
||
| 250 | _aThis edition published in 2014 | ||
| 260 |
_aParis : _bPerrin, _c2010 |
||
| 300 |
_a791 pages : _c18 cm |
||
| 520 | _aA l'heure du déclin des idéologies et des liens collectifs, le football fait office de religion civile où s'exacerbe le sentiment d'appartenance. Pour le meilleur en encourageant le dépassement et la solidarité ; pour le pire comme en témoigne l'ascension du hooliganisme. Sport de tous les excès, il est aussi celui de tous les paradoxes contemporains, car il conjugue tentation individualiste et esprit d'équipe, fraternité sportive et déchirements nationalistes, impératifs de gestion et dérives de la spéculation, égalité théorique du jeu et inégalité réelle des équipes. En résumé, il en dit beaucoup sur notre histoire en général et sur la mondialisation en particulier. Paul Dietschy est ancien élève de l'École normale supérieure de Fontenay-Saint-Cloud et agrégé d'histoire. Après une thèse de doctorat d'histoire contemporaine consacrée au football à Turin, il a mené des recherches sur l'histoire politique et culturelle du sport et du football. Aujourd'hui maître de conférences à l'université de Franche-Comté, il y enseigne l'histoire contemporaine et l'histoire du sport et coanime avec Patrick Clastres un séminaire sur l'histoire du sport au Centre d'histoire de Sciences-Po (Paris). | ||
| 650 |
_aFootball _vHistoire _xSport |
||
| 942 |
_2ddc _cBK _n0 |
||
| 999 |
_c5532 _d5532 |
||